| 000 | 00450nam a22001697a 4500 | ||
|---|---|---|---|
| 999 |
_c4031 _d4031 |
||
| 003 | GBCCL | ||
| 005 | 20241126110509.0 | ||
| 008 | 180110b xxu||||| |||| 00| 0 eng d | ||
| 040 | _cgbc | ||
| 082 |
_a248.4 _bWIL |
||
| 100 |
_aWilson, T.W. _97786 |
||
| 245 |
_aThe key to lasting Joy / _cT.W. Wilson |
||
| 260 |
_bWord Book Publisher, _aTexas: _c1987 |
||
| 300 |
_a188 p.; _c20 cm. |
||
| 650 |
_aChristian life _vBaptist authors _97827 |
||
| 942 |
_2ddc _cBK |
||